000 01395nas a22002415i 4500
001 153698
003 ES-MaACL
005 20250901224506.0
008 040708m18911901sp | | ||pa d
040 _aCAM
_bspa
_cCAM
110 2 _aEscuela Superior de Comercio de Málaga
_9134361
245 1 0 _aMemoria acerca del estado de la Escuela de Comercio de Málaga /
_cpor Pedro Gómez Chaix.
260 _aMálaga :
_b[s.n.],
_c1891-1901 (
_fTipografía de Manuel Cerbán)
300 _a11 v. ;
_c24 cm.
505 8 _aContiene : curso 1890-91 (46, [2] p.) ; 1891-1892 (50, [2] p.) ; 1892-93 (72, [2] p.) ; 1893-94 (56, [2] p.) ; 1894-95 (46, [2] p.) ; 1895-96 (44, [2] p.) ; 1896-97 (66, [2] p.) ; 1897-98 (63 p.) ; 1898-99 (54, [2] p.) ; 1899-1900 (47 p.) ; 1900-1901 (39 p.)
594 _aA partir del curso 1894-95, Escuela Superior de Comercio de Málaga.
596 _aLos cursos 1894-95 y 1895-96, impresos por : Establecimiento tipográfico de Poch y Creixell. Los cursos 1896-97, 1897-98, 1898-99, 1899-1900 y 1900-1901, impresos por : Tipografía de Zambrana Hermanos.
610 2 4 _aEscuela Superior de Comercio de Málaga-
_vMemorias.
_9155855
700 1 1 _aGómez Chaix, Pedro.
_957869
852 _aES-MaACL
_jT-1455-F-1-11
_z-- Enc. hol., conservando cubs. originales
_z-- Enc. en un vol. facticio
852 _aES-MaACL
_jT-958-F-3
_z.- (1900/1901)
999 _c153698
_d153698